Báze DC VINITI Příručka pro uživatele

Gespeichert in:
Bibliographische Detailangaben
1. Verfasser: Braunová, Galina
Weitere Verfasser: Vondráček, Jindřich
Format: Buch
Sprache:Tschechisch
Veröffentlicht: Praha Ústředí vědeckých, technických a ekonomických informací 1988
Ausgabe:1. vyd.
Tags: Tag hinzufügen
Keine Tags, Fügen Sie das erste Tag hinzu!

MARC

LEADER 00000nam a2200000 4500
001 c031094
005 20221219085006.1
041 0 |a cze 
044 |a CZ 
245 1 0 |a Báze DC VINITI  |b Příručka pro uživatele  |c Galina Braunová, Jindŕich Vondráček 
250 |a 1. vyd. 
264 1 |a Praha  |b Ústředí vědeckých, technických a ekonomických informací  |c 1988 
300 |a 42 s. 
100 1 |a Braunová, Galina 
700 1 |a Vondráček, Jindřich